| 000 | 01167cad a22002415a 4500 | ||
|---|---|---|---|
| 001 | L137587 | ||
| 008 | 070417e20070306xxk f l f000 0 eng d | ||
| 020 | _a9780110720173 | ||
| 035 | _a(Sirsi) u137587 | ||
| 041 | 0 | _aeng | |
| 110 | 2 |
_aScotland _kLaws, etc |
|
| 245 | 0 | 4 |
_aThe Air Quality Standards (Scotland) Regulations 2007 _h[electronic resource] |
| 260 |
_aLondon _bOPSI _c2007 |
||
| 490 | 0 |
_aScottish Statutory Instrument _v2007: 182 |
|
| 520 | _aComes into force 29 March 2007 and deals with the attainment and maintenance of air quality standards with appropriate action plans. Covers the duty to assess air quality and the necessary assessment methods. Considers the monitoring of ozones and aromatic hydrocarbons before dealing with public information and participation. | ||
| 590 | _aKA | ||
| 650 | 2 | 4 | _aTHE AIR QUALITY STANDARDS (SCOTLAND) REGULATIONS 2007 |
| 650 | 2 | 4 | _aAIR POLLUTION |
| 651 | 4 |
_aScotland _y1999- |
|
| 690 | _aENVIRONMENTAL AND LAND CONSULTANCY-SUSTAINABILITY-SUSTAINABLE DEVELOPMENT | ||
| 856 | 4 | 0 |
_uhttps://www.opsi.gov.uk/legislation/scotland/ssi2007/20070182.htm _zView the item free of charge at www.opsi.gov.uk |
| 942 | _n0 | ||
| 999 |
_c106837 _d106837 |
||